000
00357nam a2200169Ia 4500
100
_a
Godbole/Achyut S
650
_a
Operating systems
250
_a
3
942
_c
BK
366
_f
25
245
_a
Operating Systems
260
_b
Tata Mc Graw hill Ltd.
_c
2011
082
_a
5.43
_b
GOD
300
_a
665
546
_a
ENGLISH
_c
Computers
999
_c
34427
_d
34427